000
00312nam a2200133Ia 4500
003
OSt
005
20240216103924.0
008
170524s9999 xx 000 0 und d
020
_a
9780273760597
040
_c
IIMT UNIVERSITY MEERUT
100
_a
COULOURIS GEORGE
245
0
_a
DISTRIBUTED SYSTEM
942
_2
ddc
_c
02
999
_c
4532
_d
4532